Legislación estatal del suelo (Registro nro. 304728)

Detalles MARC
000 -ENCABEZADO
Número de control [NR] 00969nam a2200265 a 4500
005 - FECHA Y HORA DE LA ÚLTIMA TRANSACCIÓN
control field 20160923151937.0
008 - DE LONGITUD FIJA DE DATOS DE ELEMENTOS - INFORMACIÓN GENERAL
Elementos de longitud fija [NR] 160923s1999 sp grl 001 0 spa d
020 ## - NUMERO INTERNACIONAL NORMALIZADO PARA LIBROS [R]
Número Internacional Normalizado del libro [NR] 8447012824
020 ## - NUMERO INTERNACIONAL NORMALIZADO PARA LIBROS [R]
Número Internacional Normalizado del libro [NR] 9788447012824
040 ## - FUENTE DE CATALOGACION [NR]
Agencia de catalogación original [NR] Co-BoUCM
Idioma de catalogación [NR] spa
Quien Cataloga Edgar Pinilla
Quien Clasifica Edgar Pinilla
041 0# - CODIGO DE IDIOMA [R]
Código de idioma para texto/pista de sonido o título separado [R] Español
245 00 - MENCION DE TITULO [NR]
Título [NR] Legislación estatal del suelo
Mención de responsabilidad, etc. [NR] edición preparada por Julio Toledo Jáudenes
250 ## - MENCION DE EDICION [NR]
Mención de edición [NR] 19a ed.
260 ## - PUBLICACION, DISTRIBUCION, ETC. (PIE DE IMPRENTA) [R]
Lugar de publicación, distribución, etc. [R] Madrid (España)
Nombre del editor, distribuidor, etc. [R] Civitas Ediciones
Fecha de publicación, distribución, etc. [R] 1999
300 ## - DESCRIPCION FISICA [R]
Extensión [R] 533 páginas
490 0# - MENCION DE SERIE [R]
Mención de serie [R] Biblioteca de legislación
Designación numérica/secuencial del volumen [NR] 25
504 ## - NOTA DE BIBLIOGRAFIA, ETC. [R]
Nota de bibliografía, etc. [NR] Incluye referencias bibliográficas e índices
650 04 - ASIENTO SECUNDARIO DE MATERIA - TERMINO TEMATICO [R]
Término temático o nombre geográfico como elemento de entrada [NR] Derecho urbanístico
Subdivisión general [R] Legislación
Subdivisión geográfica [R] España
9 (RLIN) 80496
650 04 - ASIENTO SECUNDARIO DE MATERIA - TERMINO TEMATICO [R]
Término temático o nombre geográfico como elemento de entrada [NR] Urbanismo
Subdivisión general [R] Legislación
Subdivisión geográfica [R] España
9 (RLIN) 80498
650 04 - ASIENTO SECUNDARIO DE MATERIA - TERMINO TEMATICO [R]
Término temático o nombre geográfico como elemento de entrada [NR] Construcción
Subdivisión general [R] Legislación
Subdivisión geográfica [R] España
9 (RLIN) 80499
690 #0 - ASUNTO AGREGADO LOCAL DE ENTRADA - TÉRMINO TEMÁTICO (OCLC, RLIN)
Acceso temático local Derecho público
9 (RLIN) 12826
700 1# - ASIENTO SECUNDARIO - NOMBRE PERSONAL [R]
Nombre personal [NR] Toledo Jáudenes, Julio
Término de relación [R] editor
9 (RLIN) 80500
942 ## - ELEMENTOS DE ENTRADA AGREGADOS (KOHA)
Sistema de clasificación DEWEY
Tipo de ítem principal el descrito en 300a Libro
Tema principal Derecho
Edición 1
Clasificación 344.946
Parte restante de la signatura top. L514
Existencias
Total préstamos Signatura topográfica Código de barras Última vez visto Ejemplar Costo de reposición Price effective from Tipo de ítem Perdido Sistema de clasificación Dañado No prestable Tipo de ítem específico Suprimido Ubicación habitual Ubicación actual Localización Fecha de creación Proveedor Forma de adquisición Costo
  344.946 L514 100150633 05/12/2025 Ej.1 26000.00 22/09/2016 Libro   DEWEY     Libro   Claustro Claustro 3er piso 22/09/2016 12 Donación 0.00